00871nam a2200229Ii 45000010005000000030009000050080041000140400033000550410008000880820015000961000026001112450026001372640035001633000012001983360026002103370028002363380027002649400050002919990017003419520142003589520141005003223CO-ViMGA241108s9999||||xx |||||||||||||| ||und|| aCO-ViMGAbspaerdacCO-ViMGA0 aspa04a270.8 S1131 aAgustín Saba94426110aHistoria de los Papas 1aMadrid, España : Labor, 1948 avolumen atextbtxt2rdacontent aunmediatedbn2rdamedia avolumebnc2rdacarrier aidficha_siabuc: 3147. -- ficha_no_siabuc:3223 c38715d38715 001040708001aMEVIGERRbMEVIGERRcGENd2006-11-27hVol.2o270.8 S113pECA18982r2024-11-25 15:05:29tEj.1w2024-11-25yBKz3147 | 4536 001040708001aMEVIGERRbMEVIGERRcGENd2006-11-27hVol.1o270.8 S113pECA1562r2024-11-25 15:05:29tEj.1w2024-11-25yBKz3147 | 4535